| 000 | 01026nam a22003137a 4500 | ||
|---|---|---|---|
| 003 | CHAP | ||
| 005 | 20220329140356.0 | ||
| 008 | 971013s1983 r 00010 d | ||
| 010 | _a51082 | ||
| 011 | _a52054 | ||
| 035 | _a56204 | ||
| 040 | _cCHAP | ||
| 082 |
_a309.18 _bW3Y |
||
| 100 | 0 | 0 |
_aWaldmann, Peter. _9120840 |
| 245 | _aEnsayos sobre política y sociedad en América Latina | ||
| 260 |
_aBarcelona : _bAlfa, _c1983 |
||
| 300 | _a189 p. | ||
| 490 | _aEstudios alemanes | ||
| 590 |
_aBATCH-UPD _b10 _c20130110 _lUCH01 _h0507 |
||
| 590 |
_aBATCH-UPD _b10 _c20130410 _lUCH01 _h0145 |
||
| 590 |
_aCONVERSION _b10 _c20130109 _lUCH01 _h1328 |
||
| 650 | 1 | 4 |
_aAmerica Latina _xCondiciones sociales. _95395 |
| 650 | 1 | 4 |
_aAmerica Latina _xPolitica y gobierno. _95404 |
| 830 | 0 |
_aEstudios alemanes _938516 |
|
| 901 | _aBK | ||
| 942 | _cLIBRO | ||
| 949 |
_a309.18 W3Y _bBC _cLIBRO _d33724000297248 _eLIBRO _gI.c/e _h67021 _i56204 _si _t1.72 |
||
| 949 |
_a309.18 W3Y _bBC _cLIBRO _d33724000297255 _eLIBRO _fc.2 _gI.c/e _h67022 _i56204 _si _t1.72 |
||
| 999 |
_c51082 _d51082 |
||